| 000 | 00851nam a2200265Ia 4500 | ||
|---|---|---|---|
| 003 | OSt | ||
| 005 | 20220912150414.0 | ||
| 006 | a|||||r|||| 00| 0 | ||
| 007 | ta | ||
| 008 | 220909b |||||||| |||| 00| 0 eng d | ||
| 024 | _a46828 | ||
| 037 | _cTextual | ||
| 040 |
_aCSL _beng _cCSL |
||
| 041 | _aeng | ||
| 082 | _aE5:235-3,Ep1,N78, L9 | ||
| 100 | _aJennings Barry R Ed. | ||
| 111 | _aConference on electro-optic and dielectric studie on macrocolectures and colloids (1978 : United Kingdon) | ||
| 245 | 0 | _aElectro-optics and dielectrics studies of macromolecules and colloids | |
| 260 |
_aNew York _b Plenum Press _c1979 |
||
| 300 |
_axv,408p. _ccm. |
||
| 650 | _a Macromolecules | ||
| 650 | _aOrganic chemistry | ||
| 942 |
_hE5:235-3,Ep1,N78, L9 _cTEXL _2CC |
||
| 999 |
_c46813 _d46813 |
||